[Event "Tenerife-chT Primera 1819"]
[Site "Tenerife"]
[Date "2019.03.30"]
[Round "12.2"]
[White "Morales Motas, Adrian"]
[Black "De Castro de Leon, Jorge"]
[Result "1-0"]
[WhiteElo "1622"]
[BlackElo "1677"]
[PlyCount "21"]
[EventDate "2018.11.24"]
[EventType "team-tourn"]
[EventRounds "14"]
[EventCountry "ESP"]
[SourceTitle "CBM 189 Extra"]
[Source "ChessBase"]
[SourceDate "2019.06.03"]
[SourceVersion "1"]
[SourceVersionDate "2019.06.03"]
[SourceQuality "1"]
[WhiteTeam "Benito"]
[BlackTeam "El Sauzal Libreria Barco"]
[WhiteTeamCountry "ESP"]
[BlackTeamCountry "ESP"]

1. d4 d5 2. c4 c6 3. Nc3 Nf6 4. e3 Nbd7 5. Nf3 Qc7 6. cxd5 cxd5 7. Qb3 Nb6 8. Bd2 Bg4 9. Ne5 Bf5 10. Rc1 Nc4 11. Nxd5 1-0

[Event "Tenerife-chT Primera 1819"]
[Site "Tenerife"]
[Date "2019.03.23"]
[Round "11.4"]
[White "De Castro de Leon, Jorge"]
[Black "Perez Garcia, Saul"]
[Result "1/2-1/2"]
[WhiteElo "1677"]
[BlackElo "1817"]
[PlyCount "83"]
[EventDate "2018.11.24"]
[EventType "team-tourn"]
[EventRounds "14"]
[EventCountry "ESP"]
[SourceTitle "CBM 189 Extra"]
[Source "ChessBase"]
[SourceDate "2019.06.03"]
[SourceVersion "1"]
[SourceVersionDate "2019.06.03"]
[SourceQuality "1"]
[WhiteTeam "El Sauzal Libreria Barco"]
[BlackTeam "Ebano Barrio Nuevo"]
[WhiteTeamCountry "ESP"]
[BlackTeamCountry "ESP"]

1. e4 c5 2. Nf3 a6 3. c4 e6 4. Nc3 Qc7 5. d4 cxd4 6. Nxd4 Nc6 7. Be2 Nf6 8. a3 Bd6 9. Be3 Be5 10. h3 0-0 11. 0-0 Nxd4 12. Bxd4 d6 13. f4 Bxd4+ 14. Qxd4 e5 15. Qe3 exf4 16. Rxf4 Be6 17. e5 Nd7 18. exd6 Qxd6 19. Bd3 Qc5 20. Qxc5 Nxc5 21. Bf5 g5 22. Rf2 Bxc4 23. Ne4 Nxe4 24. Bxe4 Rab8 25. Rf6 Kg7 26. Rb6 f5 27. Rc1 Rf6 28. Rxf6 Kxf6 29. Rxc4 fxe4 30. Rxe4 Rc8 31. Rb4 b5 32. a4 Rc4 33. Rxc4 bxc4 34. Kf2 Ke5 35. Ke3 a5 36. g3 h5 37. Kd2 Kd4 38. Kc2 g4 39. hxg4 hxg4 40. Kd2 Ke4 41. Ke2 Kd4 42. Kd2 1/2-1/2

[Event "Canarias-ch"]
[Site "Santa Cruz de Tenerife"]
[Date "2018.05.12"]
[Round "4"]
[White "De Castro de Leon, Jorge"]
[Black "Mendez Acosta, Alexander Jesus"]
[Result "1-0"]
[WhiteElo "1685"]
[BlackElo "1963"]
[PlyCount "41"]
[EventDate "2018.05.10"]
[EventType "swiss"]
[EventRounds "6"]
[EventCountry "ESP"]
[SourceTitle "EXT 2022"]
[Source "ChessBase"]
[SourceDate "2021.10.06"]
[SourceVersion "1"]
[SourceVersionDate "2021.10.06"]
[SourceQuality "1"]

1. e4 b6 2. d4 Bb7 3. Bd3 e6 4. Nd2 Nf6 5. c3 c5 6. Ne2 Be7 7. f4 0-0 8. 0-0 d5 9. e5 Ne4 10. Qc2 f5 11. exf6 Nxf6 12. Ng3 Nc6 13. Nf3 c4 14. Be2 Bd6 15. Ng5 Qd7 16. Nh5 h6 17. Nxf6+ gxf6 18. Qg6+ Kh8 19. Qxh6+ Kg8 20. Qg6+ Kh8 21. Rf3 1-0

[Event "Tenerife-chT Primera 1718"]
[Site "Tenerife"]
[Date "2018.03.17"]
[Round "13.4"]
[White "De Castro de Leon, Jorge"]
[Black "Camacho Hernandez, Francisco"]
[Result "1-0"]
[WhiteElo "1676"]
[BlackElo "1777"]
[PlyCount "67"]
[EventDate "2017.11.11"]
[EventType "team-tourn"]
[EventRounds "14"]
[EventCountry "ESP"]
[SourceTitle "CBM 187 Extra"]
[Source "ChessBase"]
[SourceDate "2018.11.04"]
[SourceVersion "1"]
[SourceVersionDate "2018.11.04"]
[SourceQuality "1"]
[WhiteTeam "El Sauzal Gofio Plus II"]
[BlackTeam "Circulo de Amistad XII Enero III"]
[WhiteTeamCountry "ESP"]
[BlackTeamCountry "ESP"]

1. e4 d6 2. d4 Nf6 3. Nc3 g6 4. Bc4 Bg7 5. Nge2 c6 6. f3 Nbd7 7. Be3 b5 8. Bb3 Nb6 9. 0-0 Nc4 10. Bxc4 bxc4 11. Qd2 Qa5 12. Bh6 Bxh6 13. Qxh6 Qh5 14. Qe3 0-0 15. Kh1 Qa5 16. g4 Rb8 17. b3 e5 18. Qg5 Ne8 19. h4 f6 20. Qe3 Be6 21. h5 Rb7 22. Rad1 gxh5 23. gxh5 Rg7 24. Rg1 exd4 25. Rxg7+ Nxg7 26. Qxd4 Qxh5+ 27. Kg2 cxb3 28. axb3 Qh3+ 29. Kf2 Qh2+ 30. Ke3 d5 31. Qxa7 f5 32. Rg1 Qh6+ 33. Nf4 fxe4 34. Qxg7+ 1-0

[Event "Canarias-chT"]
[Site "San Cristobal de La Laguna"]
[Date "2017.06.23"]
[Round "2.4"]
[White "De Castro de Leon, Jorge"]
[Black "Gil Ojeda, Jorge"]
[Result "0-1"]
[WhiteElo "1660"]
[BlackElo "1931"]
[PlyCount "108"]
[EventDate "2017.06.22"]
[EventType "team-swiss"]
[EventRounds "6"]
[EventCountry "ESP"]
[SourceTitle "EXT 2024"]
[Source "ChessBase"]
[SourceDate "2023.10.10"]
[SourceVersion "1"]
[SourceVersionDate "2023.10.10"]
[SourceQuality "1"]
[WhiteTeam "El Sauzal"]
[BlackTeam "Fundacion La Caja de Canarias"]
[WhiteTeamCountry "ESP"]
[BlackTeamCountry "ESP"]

1. e4 c5 2. Nf3 Nc6 3. d4 cxd4 4. Nxd4 g6 5. Be3 Bg7 6. Nc3 Nf6 7. Bc4 0-0 8. Bb3 a5 9. a4 Ng4 10. Nxc6 Nxe3 11. Nxd8 Nxd1 12. Nxd1 Rxd8 13. c3 d6 14. Ne3 Be6 15. Bd5 Bxd5 16. Nxd5 e6 17. Ne3 b5 18. axb5 Rdb8 19. Kd1 Rxb5 20. Kc2 Rab8 21. Ra2 a4 22. Rd1 Bf8 23. Rd4 a3 24. b4 Rc8 25. Rxa3 d5 26. Kb3 Bg7 27. c4 Rxb4+ 28. Kxb4 Bxd4 29. Kb5 Rc5+ 30. Ka6 dxc4 31. f3 c3 32. Nc2 e5 33. Rb3 Rc8 34. Kb5 Kf8 35. f4 exf4 36. Nxd4 c2 37. Ne2 c1Q 38. Nxc1 Rxc1 39. Rf3 Rc2 40. g3 fxg3 41. hxg3 h5 42. Re3 Ke7 43. Kb4 Ke6 44. Kb3 Rc6 45. Rc3 Rxc3+ 46. Kxc3 g5 47. Kd3 h4 48. gxh4 gxh4 49. Ke3 Ke5 50. Kf3 h3 51. Kg3 Kxe4 52. Kxh3 f5 53. Kg2 Ke3 54. Kf1 Kf3 0-1

[Event "Santa Cruz de Tenerife Trophy"]
[Site "Santa Cruz de Tenerife"]
[Date "2017.04.06"]
[Round "5"]
[White "Perez Perez, Gabriel"]
[Black "De Castro de Leon, Jorge"]
[Result "1-0"]
[WhiteElo "1899"]
[BlackElo "1683"]
[PlyCount "27"]
[EventDate "2017.03.09"]
[EventType "swiss"]
[EventRounds "9"]
[EventCountry "ESP"]
[SourceTitle "EXT 2018"]
[Source "ChessBase"]
[SourceDate "2017.10.13"]
[SourceVersion "1"]
[SourceVersionDate "2017.10.13"]
[SourceQuality "1"]

1. d4 d5 2. c4 Bf5 3. Nc3 e6 4. Nf3 Nf6 5. Bg5 Be7 6. e3 0-0 7. cxd5 Nxd5 8. Bxe7 Qxe7 9. Be2 Rd8 10. 0-0 c5 11. Nxd5 Rxd5 12. Qa4 Nd7 13. Rac1 Nb6 14. Qa3 1-0

[Event "Tenerife Navidad op 27th"]
[Site "Tenerife"]
[Date "2016.12.26"]
[Round "6"]
[White "Jimenez Arteaga, Angel"]
[Black "De Castro de Leon, Jorge"]
[Result "1-0"]
[WhiteElo "1903"]
[BlackElo "1696"]
[PlyCount "69"]
[EventDate "2016.12.19"]
[EventType "swiss"]
[EventRounds "9"]
[EventCountry "ESP"]
[SourceTitle "CBM 176 Extra"]
[Source "ChessBase"]
[SourceDate "2017.03.02"]
[SourceVersion "1"]
[SourceVersionDate "2017.03.02"]
[SourceQuality "1"]

1. Nf3 c5 2. c4 Nf6 3. d4 cxd4 4. Nxd4 g6 5. Nc3 Bg7 6. e4 d6 7. f3 0-0 8. Be3 Nc6 9. Qd2 Bd7 10. Be2 Rc8 11. 0-0 Ne5 12. b3 Bc6 13. Nxc6 Nxc6 14. Rac1 Nd7 15. Rfd1 Nc5 16. Nd5 a5 17. Bf1 Re8 18. Rb1 Rb8 19. a3 b6 20. b4 Ne6 21. Qf2 axb4 22. axb4 Rb7 23. Rd2 Qb8 24. Rbd1 Nc7 25. b5 Ne5 26. Nxb6 Ne6 27. Ra2 Qc7 28. Rc1 f5 29. Nd5 Qd7 30. exf5 gxf5 31. h3 Rc8 32. f4 Ng6 33. Nb6 Rxb6 34. Bxb6 Rb8 35. Be3 1-0

[Event "Santa Cruz CajaCanarias op"]
[Site "Santa Cruz"]
[Date "2016.05.11"]
[Round "6"]
[White "Gil Ojeda, Jorge"]
[Black "De Castro de Leon, Jorge"]
[Result "0-1"]
[WhiteElo "1630"]
[BlackElo "1700"]
[PlyCount "58"]
[EventDate "2016.04.27"]
[EventType "swiss"]
[EventRounds "9"]
[EventCountry "ESP"]
[SourceTitle "CBM 172 Extra"]
[Source "ChessBase"]
[SourceDate "2016.06.21"]
[SourceVersion "1"]
[SourceVersionDate "2016.06.21"]
[SourceQuality "1"]

1. e4 c5 2. Nf3 Nc6 3. d4 cxd4 4. Nxd4 Nf6 5. Nc3 d6 6. Bg5 e5 7. Nf5 Bxf5 8. exf5 h6 9. Bh4 Be7 10. Bxf6 Bxf6 11. Bc4 0-0 12. Nd5 Nd4 13. Ne3 Bg5 14. g4 Bxe3 15. fxe3 Qh4+ 16. Kf1 Nxf5 17. Qf3 Qxg4 18. Kf2 Nxe3 19. Kxe3 Qxc4 20. Rhg1 Qd4+ 21. Ke2 Qxb2 22. Rxg7+ Kh8 23. Qf6 Qxc2+ 24. Ke1 Qe4+ 25. Kd1 Qd4+ 26. Ke2 Qb2+ 27. Ke3 Qc3+ 28. Ke2 Qc4+ 29. Ke3 Qf4+ 0-1

[Event "Santa Cruz CajaCanarias op"]
[Site "Santa Cruz"]
[Date "2016.05.09"]
[Round "5"]
[White "De Castro de Leon, Jorge"]
[Black "Perez Perez, Gabriel"]
[Result "0-1"]
[WhiteElo "1700"]
[BlackElo "1829"]
[PlyCount "64"]
[EventDate "2016.04.27"]
[EventType "swiss"]
[EventRounds "9"]
[EventCountry "ESP"]
[SourceTitle "CBM 172 Extra"]
[Source "ChessBase"]
[SourceDate "2016.06.21"]
[SourceVersion "1"]
[SourceVersionDate "2016.06.21"]
[SourceQuality "1"]

1. e4 c5 2. Nf3 e6 3. c3 Nf6 4. e5 Nd5 5. d4 cxd4 6. cxd4 Nc6 7. Bc4 d6 8. 0-0 Be7 9. Nbd2 dxe5 10. dxe5 Qc7 11. Re1 0-0 12. a3 Rd8 13. Qc2 Na5 14. Bd3 Qxc2 15. Bxc2 Bd7 16. b4 Rac8 17. Bxh7+ Kxh7 18. bxa5 Nf4 19. Ne4 Nd3 20. Neg5+ Kg8 21. Rd1 Ba4 22. Rf1 Nxc1 23. Raxc1 Rxc1 24. Rxc1 Bxa3 25. Rb1 Bb4 26. h3 Rd1+ 27. Rxd1 Bxd1 28. a6 bxa6 29. Nd4 Bc5 30. Nc6 Ba4 31. Na5 Bb4 32. Nb7 a5 0-1

[Event "Santa Cruz de Tenerife op 26th"]
[Site "Santa Cruz de Tenerife"]
[Date "2015.12.18"]
[Round "4"]
[White "De Castro de Leon, Jorge"]
[Black "Rodriguez Sabater, Lucia Iris"]
[Result "0-1"]
[WhiteElo "1678"]
[BlackElo "1544"]
[PlyCount "72"]
[EventDate "2015.12.15"]
[EventType "swiss"]
[EventRounds "9"]
[EventCountry "ESP"]
[SourceTitle "CBM 170 Extra"]
[Source "ChessBase"]
[SourceDate "2016.02.25"]
[SourceVersion "1"]
[SourceVersionDate "2016.02.25"]
[SourceQuality "1"]

1. e4 e5 2. Nf3 Nc6 3. Bb5 Bc5 4. c3 Nf6 5. 0-0 0-0 6. d4 exd4 7. cxd4 Bb6 8. Bg5 h6 9. Bh4 g5 10. Bxc6 dxc6 11. e5 Nd5 12. Bg3 Bg4 13. Nc3 Ne7 14. Ne4 Bf5 15. Nf6+ Kh8 16. Nxg5 Bg6 17. Nf3 Nf5 18. Qc1 Kg7 19. Bf4 Rh8 20. Rd1 h5 21. Bg5 Qc8 22. Ne4 Kf8 23. b3 Qe6 24. Qa3+ Kg8 25. Bf6 Rh6 26. Nfg5 Qd5 27. Be7 Kg7 28. Bf6+ Kg8 29. h3 Re8 30. g4 hxg4 31. hxg4 Nh4 32. Re1 Bxe4 33. Rxe4 Nf3+ 34. Kf1 Nd2+ 35. Kg1 Nxe4 36. f3 Qxd4+ 0-1

[Event "Tenerife Autumn op"]
[Site "Tenerife"]
[Date "2015.10.30"]
[Round "9"]
[White "De Castro de Leon, Jorge"]
[Black "Rodriguez Redondo, Adhara"]
[Result "0-1"]
[WhiteElo "1766"]
[BlackElo "1643"]
[PlyCount "38"]
[EventDate "2015.10.14"]
[EventType "swiss"]
[EventRounds "9"]
[EventCountry "ESP"]
[SourceTitle "CBM 169 Extra"]
[Source "ChessBase"]
[SourceDate "2015.12.18"]
[SourceVersion "1"]
[SourceVersionDate "2015.12.18"]
[SourceQuality "1"]

1. e4 e5 2. Bc4 Nf6 3. Nc3 Bc5 4. Nf3 Nc6 5. 0-0 0-0 6. d3 h6 7. h3 a6 8. Kh1 d6 9. Nh2 Ne7 10. f4 exf4 11. Bxf4 Ng6 12. Ne2 c6 13. d4 Ba7 14. Bd3 Re8 15. c3 Nxe4 16. Qc2 d5 17. Ng3 Nxf4 18. Bxe4 dxe4 19. Rxf4 Bb8 0-1

[Event "Tenerife Autumn op"]
[Site "Tenerife"]
[Date "2015.10.15"]
[Round "2"]
[White "Perez Felipe, Marcos Adrian"]
[Black "De Castro de Leon, Jorge"]
[Result "1-0"]
[WhiteElo "2179"]
[BlackElo "1766"]
[PlyCount "55"]
[EventDate "2015.10.14"]
[EventType "swiss"]
[EventRounds "9"]
[EventCountry "ESP"]
[SourceTitle "CBM 169 Extra"]
[Source "ChessBase"]
[SourceDate "2015.12.18"]
[SourceVersion "1"]
[SourceVersionDate "2015.12.18"]
[SourceQuality "1"]

1. d4 Nf6 2. c4 e6 3. Nf3 Be7 4. Nc3 d5 5. Bg5 0-0 6. e3 c6 7. Qc2 Nbd7 8. 0-0-0 h6 9. Bh4 Ne8 10. Bxe7 Qxe7 11. g4 Nc7 12. g5 hxg5 13. h4 g4 14. Ng5 f5 15. f3 gxf3 16. Nxf3 Kf7 17. Rg1 Ke8 18. Rd2 Kd8 19. Rdg2 Ne8 20. Kb1 Ndf6 21. Ne5 Qd6 22. Rg6 Bd7 23. Bd3 Rc8 24. Qb3 Kc7 25. Na4 dxc4 26. Nxc4 Qd5 27. Nc3 Qf3 28. Qa3 1-0

[Event "Tenerife Autumn op"]
[Site "Tenerife"]
[Date "2015.10.14"]
[Round "1"]
[White "De Castro de Leon, Jorge"]
[Black "Redondo Terron, Eva"]
[Result "1-0"]
[WhiteElo "1766"]
[BlackElo "1004"]
[PlyCount "55"]
[EventDate "2015.10.14"]
[EventType "swiss"]
[EventRounds "9"]
[EventCountry "ESP"]
[SourceTitle "CBM 169 Extra"]
[Source "ChessBase"]
[SourceDate "2015.12.18"]
[SourceVersion "1"]
[SourceVersionDate "2015.12.18"]
[SourceQuality "1"]

1. e4 e5 2. Nf3 Nc6 3. Bb5 d6 4. d4 Bd7 5. 0-0 Nf6 6. Bxc6 Bxc6 7. dxe5 Nxe4 8. Re1 d5 9. Be3 Bc5 10. Bxc5 Nxc5 11. Nd4 Bd7 12. Qh5 Ne6 13. c3 c5 14. Nxe6 Bxe6 15. f4 0-0 16. f5 Bd7 17. e6 fxe6 18. fxe6 Qf6 19. Qe2 Bb5 20. Qd1 Qf2+ 21. Kh1 d4 22. Nd2 dxc3 23. bxc3 Bc6 24. Ne4 Qh4 25. Ng3 Rf2 26. Rg1 Rd8 27. Qe1 Rd3 28. Qxf2 1-0

[Event "Tenerife Verano op"]
[Site "Tenerife"]
[Date "2015.08.28"]
[Round "9"]
[White "De Castro de Leon, Jorge"]
[Black "Hidalgo Santana, Fernando"]
[Result "0-1"]
[WhiteElo "1717"]
[BlackElo "2206"]
[PlyCount "162"]
[EventDate "2015.08.10"]
[EventType "swiss"]
[EventRounds "9"]
[EventCountry "ESP"]
[SourceTitle "EXT 2016"]
[Source "ChessBase"]
[SourceDate "2015.10.08"]
[SourceVersion "1"]
[SourceVersionDate "2015.10.08"]
[SourceQuality "1"]

1. e4 e6 2. d4 c5 3. c3 a6 4. Nf3 d5 5. exd5 Qxd5 6. Be2 Nf6 7. 0-0 Nc6 8. dxc5 Bxc5 9. Bf4 Qxd1 10. Rxd1 Ne4 11. Bg3 Nxg3 12. hxg3 b5 13. Nbd2 f5 14. Nb3 Be7 15. Nbd4 Bd7 16. Nxc6 Bxc6 17. Ne5 Bd5 18. c4 bxc4 19. Bxc4 Bxc4 20. Nxc4 0-0 21. Rd7 Bf6 22. Re1 Rfe8 23. Rd6 Kf7 24. Rd7+ Re7 25. Nd6+ Kf8 26. Rxe7 Kxe7 27. Nxf5+ Kf8 28. Rxe6 Bxb2 29. Rb6 Bf6 30. a4 a5 31. Ne3 Rc8 32. Rb5 Bd8 33. Kf1 Rc1+ 34. Ke2 Ra1 35. Rf5+ Ke8 36. Rf4 Bf6 37. Nd5 Bb2 38. Kd3 Kd7 39. Kc2 Be5 40. Re4 Kd6 41. f4 Bf6 42. Nxf6 gxf6 43. Kb3 Rd1 44. Kc4 Rb1 45. Rd4+ Kc6 46. Kc3 Rg1 47. Rd2 Ra1 48. Kb3 Re1 49. Rc2+ Kd5 50. Rd2+ Ke4 51. Kc4 Rb1 52. Re2+ Kf5 53. Kd5 Rb4 54. Ra2 Kg4 55. Ra3 Rb2 56. Ke6 f5 57. Rd3 Rb6+ 58. Ke5 Rb4 59. Rc3 h5 60. Ke6 Rb2 61. Rd3 Re2+ 62. Kf6 Rxg2 63. Rd5 Rxg3 64. Rxf5 h4 65. Rg5+ Kxf4 66. Rxa5 h3 67. Rh5 Kg4 68. Rh8 Ra3 69. Rg8+ Kf3 70. Rh8 Kg2 71. Rg8+ Rg3 72. Rb8 h2 73. Rb2+ Kh3 74. Rb1 Rg1 75. Rb3+ Kg4 76. Rb4+ Kf3 77. Rb3+ Ke4 78. Rb4+ Kd5 79. a5 Rf1+ 80. Ke7 h1Q 81. Rb5+ Kc6 0-1

[Event "Santa Cruz de Tenerife Primavera op"]
[Site "Santa Cruz de Tenerife"]
[Date "2015.03.23"]
[Round "6"]
[White "Darias Darias, Luis"]
[Black "De Castro de Leon, Jorge"]
[Result "1/2-1/2"]
[WhiteElo "1828"]
[BlackElo "1715"]
[PlyCount "111"]
[EventDate "2015.03.10"]
[EventType "swiss"]
[EventRounds "9"]
[EventCountry "ESP"]
[SourceTitle "CBM 165 Extra"]
[Source "ChessBase"]
[SourceDate "2015.04.21"]
[SourceVersion "1"]
[SourceVersionDate "2015.04.21"]
[SourceQuality "1"]

1. Nf3 c5 2. c3 d5 3. d4 e6 4. e3 Nf6 5. Bd3 Bd6 6. Nbd2 0-0 7. 0-0 b6 8. Re1 Bb7 9. Ne5 Nc6 10. f4 Bc7 11. Qf3 Ne7 12. g4 Ng6 13. g5 Ne8 14. Qh5 Nd6 15. Qg4 f5 16. gxf6 Rxf6 17. Nxg6 hxg6 18. Bxg6 Nf5 19. Nf3 Bc6 20. Qh5 Nh6 21. Re2 Be8 22. Bxe8 Qxe8 23. Qxe8+ Rxe8 24. Ng5 Nf7 25. h4 Nd6 26. Bd2 Nf5 27. Rh2 Rh6 28. Nf3 Bd8 29. Kf2 Bxh4+ 30. Ke2 Bf6 31. Rg1 Kf7 32. Rxh6 gxh6 33. Be1 c4 34. Ne5+ Bxe5 35. dxe5 Rg8 36. Rxg8 Kxg8 37. Kf3 h5 38. e4 dxe4+ 39. Kxe4 Kg7 40. Bf2 Kf7 41. b3 cxb3 42. axb3 Ke7 43. c4 Kd7 44. b4 Kc6 45. b5+ Kb7 46. c5 bxc5 47. Bxc5 Kb8 48. Kf3 Kb7 49. Ke4 Kb8 50. Kf3 Kb7 51. Ke4 a5 52. Kf3 a4 53. Ke4 Kc7 54. Kf3 Kb7 55. Ke4 Kc7 56. Kf3 1/2-1/2

[Event "Santa Cruz de Tenerife Primavera op"]
[Site "Santa Cruz de Tenerife"]
[Date "2015.03.19"]
[Round "5"]
[White "De Castro de Leon, Jorge"]
[Black "Herrera Reyes, Jose Antonio"]
[Result "0-1"]
[WhiteElo "1715"]
[BlackElo "2193"]
[PlyCount "40"]
[EventDate "2015.03.10"]
[EventType "swiss"]
[EventRounds "9"]
[EventCountry "ESP"]
[SourceTitle "CBM 165 Extra"]
[Source "ChessBase"]
[SourceDate "2015.04.21"]
[SourceVersion "1"]
[SourceVersionDate "2015.04.21"]
[SourceQuality "1"]

1. e4 c5 2. Nf3 e6 3. d4 cxd4 4. Nxd4 a6 5. Nc3 Qc7 6. Bd3 Nf6 7. 0-0 b6 8. Bg5 Be7 9. Kh1 Bb7 10. f4 h5 11. Qe1 h4 12. Bxf6 gxf6 13. f5 h3 14. g3 Nc6 15. Nce2 Ne5 16. Qc3 Qd6 17. Nb3 Rc8 18. Qd4 Qb8 19. Rac1 Bc5 20. Nxc5 bxc5 0-1

[Event "Santa Cruz de Tenerife Primavera op"]
[Site "Santa Cruz de Tenerife"]
[Date "2015.03.18"]
[Round "4"]
[White "Kraus, Oliver"]
[Black "De Castro de Leon, Jorge"]
[Result "0-1"]
[WhiteElo "2014"]
[BlackElo "1715"]
[PlyCount "42"]
[EventDate "2015.03.10"]
[EventType "swiss"]
[EventRounds "9"]
[EventCountry "ESP"]
[SourceTitle "CBM 165 Extra"]
[Source "ChessBase"]
[SourceDate "2015.04.21"]
[SourceVersion "1"]
[SourceVersionDate "2015.04.21"]
[SourceQuality "1"]

1. e4 c5 2. Nc3 d6 3. f4 Nf6 4. Nf3 g6 5. Bc4 Bg7 6. d3 0-0 7. 0-0 Nc6 8. f5 gxf5 9. Qe1 fxe4 10. dxe4 Ng4 11. Qh4 Nce5 12. Nxe5 Nxe5 13. Bh6 Bxh6 14. Qxh6 Nxc4 15. Rf3 Kh8 16. Raf1 Ne5 17. Rf4 f6 18. Rh4 Rf7 19. Nd5 Qg8 20. Ne3 Qg6 21. Qf4 Rg7 0-1

[Event "Tenerife-ch U17"]
[Site "Santa Cruz"]
[Date "2015.03.13"]
[Round "7.1"]
[White "De Castro de Leon, Jorge"]
[Black "Mendez Acosta, Alexander Jesus"]
[Result "1/2-1/2"]
[WhiteElo "1715"]
[BlackElo "1561"]
[PlyCount "50"]
[EventDate "2015.02.27"]
[EventType "swiss"]
[EventRounds "7"]
[EventCountry "ESP"]
[SourceTitle "EXT 2024"]
[Source "ChessBase"]
[SourceDate "2023.10.10"]
[SourceVersion "1"]
[SourceVersionDate "2023.10.10"]
[SourceQuality "1"]

1. e4 c5 2. Nf3 Nc6 3. d4 cxd4 4. Nxd4 g6 5. Nc3 Bg7 6. Be3 Nf6 7. Bc4 0-0 8. Bb3 Ng4 9. Nxc6 dxc6 10. Qxd8 Rxd8 11. Bf4 b6 12. f3 e5 13. Bg5 Nf6 14. Rd1 Ba6 15. Kf2 h6 16. Be3 Ne8 17. Rxd8 Rxd8 18. Rd1 Rxd1 19. Nxd1 c5 20. Bd5 Kf8 21. c4 Nd6 22. b3 f5 23. g3 Ke7 24. Nc3 g5 25. Bc1 Bc8 1/2-1/2

[Event "Santa Cruz de Tenerife Primavera op"]
[Site "Santa Cruz de Tenerife"]
[Date "2015.03.12"]
[Round "2"]
[White "Castaner Harster, Xavier"]
[Black "De Castro de Leon, Jorge"]
[Result "1-0"]
[WhiteElo "2138"]
[BlackElo "1715"]
[PlyCount "53"]
[EventDate "2015.03.10"]
[EventType "swiss"]
[EventRounds "9"]
[EventCountry "ESP"]
[SourceTitle "CBM 165 Extra"]
[Source "ChessBase"]
[SourceDate "2015.04.21"]
[SourceVersion "1"]
[SourceVersionDate "2015.04.21"]
[SourceQuality "1"]

1. e4 c5 2. Nf3 d6 3. d4 cxd4 4. Nxd4 Nf6 5. Nc3 g6 6. Be3 Bg7 7. Bc4 0-0 8. f3 Nc6 9. Qd2 Bd7 10. 0-0-0 Rc8 11. Bb3 Ne5 12. h4 Nc4 13. Bxc4 Rxc4 14. g4 Qa5 15. Nb3 Qa6 16. Bh6 Rfc8 17. Bxg7 Kxg7 18. h5 Be6 19. Kb1 Kg8 20. Qh6 b5 21. hxg6 fxg6 22. g5 Nh5 23. Rxh5 gxh5 24. Qxe6+ Kh8 25. Qxe7 R4c7 26. Qf6+ Kg8 27. Rxd6 1-0

[Event "Tenerife-ch U17"]
[Site "Santa Cruz"]
[Date "2015.03.02"]
[Round "2.2"]
[White "De Castro de Leon, Jorge"]
[Black "Perez Garcia, Saul"]
[Result "1-0"]
[WhiteElo "1715"]
[BlackElo "1530"]
[PlyCount "95"]
[EventDate "2015.02.27"]
[EventType "swiss"]
[EventRounds "7"]
[EventCountry "ESP"]
[SourceTitle "EXT 2024"]
[Source "ChessBase"]
[SourceDate "2023.10.10"]
[SourceVersion "1"]
[SourceVersionDate "2023.10.10"]
[SourceQuality "1"]

1. e4 c5 2. Nf3 Nc6 3. d4 cxd4 4. Nxd4 g6 5. Be3 Bg7 6. Nc3 Nf6 7. Bc4 0-0 8. Bb3 d6 9. f3 Bd7 10. Qd2 a5 11. a4 Nb4 12. g4 Bc6 13. h4 h5 14. Bg5 hxg4 15. Bxf6 exf6 16. fxg4 d5 17. Nxc6 bxc6 18. 0-0-0 dxe4 19. Nxe4 Qe7 20. Rhe1 Rfd8 21. Nd6 Qc7 22. c3 Nd5 23. Bxd5 cxd5 24. Qxd5 Bf8 25. Qf3 Bxd6 26. Qxf6 Ra6 27. Re4 Raa8 28. h5 Bf8 29. Rf1 Bg7 30. Qg5 Bxc3 31. Kb1 Rd2 32. Re7 Rxb2+ 33. Kc1 Bf6+ 34. Rxc7 Bxg5+ 35. Kxb2 Rb8+ 36. Kc3 gxh5 37. Rfxf7 Bh6 38. Rh7 Bf8 39. Rxh5 Bg7+ 40. Kd3 Rd8+ 41. Ke4 Rd4+ 42. Kf5 Kf8 43. Rh7 Rd5+ 44. Ke4 Rd4+ 45. Kf3 Rxa4 46. Rhxg7 Ra1 47. Rgd7 Ke8 48. Rh7 1-0

[Event "Tenerife-chT Primera"]
[Site "Tenerife"]
[Date "2015.02.07"]
[Round "3.2"]
[White "Perez Celis, Alba"]
[Black "De Castro de Leon, Jorge"]
[Result "1-0"]
[WhiteElo "1739"]
[BlackElo "1684"]
[PlyCount "93"]
[EventDate "2015.01.24"]
[EventType "swiss"]
[EventRounds "14"]
[EventCountry "ESP"]
[SourceTitle "EXT 2024"]
[Source "ChessBase"]
[SourceDate "2023.10.10"]
[SourceVersion "1"]
[SourceVersionDate "2023.10.10"]
[SourceQuality "1"]
[WhiteTeam "Laguna Cotelec II"]
[BlackTeam "Valledrez"]
[WhiteTeamCountry "ESP"]
[BlackTeamCountry "ESP"]

1. e4 c5 2. Nc3 e6 3. Nge2 a6 4. g3 Qc7 5. Bg2 Nf6 6. 0-0 Nc6 7. d3 Be7 8. h3 0-0 9. f4 d6 10. g4 b5 11. Ng3 b4 12. Nce2 d5 13. g5 Ne8 14. e5 g6 15. Nh1 Ng7 16. Neg3 Nd4 17. Nf2 Bxg5 18. fxg5 Qxe5 19. Nfh1 Qd6 20. Be3 Ngf5 21. Nxf5 Nxf5 22. Bf2 Qe7 23. h4 Bb7 24. Qg4 Rac8 25. Ng3 f6 26. Nxf5 exf5 27. Qf4 Qg7 28. gxf6 Qxf6 29. d4 c4 30. Rae1 Rfe8 31. Re5 Rxe5 32. Qxe5 Qxe5 33. dxe5 Kf7 34. Bd4 Ke6 35. Bf3 a5 36. Kf2 c3 37. b3 Rc6 38. Be2 Ba6 39. Bxa6 Rxa6 40. Ke3 h6 41. Kf4 Kf7 42. Rf2 h5 43. Kg5 Re6 44. Re2 Kg7 45. Bc5 Kf7 46. Bd6 Kg7 47. Re3 1-0

[Event "Tenerife-chT Primera"]
[Site "Tenerife"]
[Date "2015.01.24"]
[Round "1.2"]
[White "Perez de la Torre, Jorge"]
[Black "De Castro de Leon, Jorge"]
[Result "0-1"]
[WhiteElo "1644"]
[BlackElo "1684"]
[PlyCount "56"]
[EventDate "2015.01.24"]
[EventType "swiss"]
[EventRounds "14"]
[EventCountry "ESP"]
[SourceTitle "EXT 2024"]
[Source "ChessBase"]
[SourceDate "2023.10.10"]
[SourceVersion "1"]
[SourceVersionDate "2023.10.10"]
[SourceQuality "1"]
[WhiteTeam "Circulo de Amistad XII Enero"]
[BlackTeam "Valledrez"]
[WhiteTeamCountry "ESP"]
[BlackTeamCountry "ESP"]

1. c4 Nf6 2. Nc3 d5 3. d4 e6 4. e3 Bb4 5. Nf3 0-0 6. Bd3 c5 7. cxd5 exd5 8. a3 Bxc3+ 9. bxc3 Nc6 10. h3 Re8 11. 0-0 cxd4 12. cxd4 a6 13. a4 Be6 14. Qb3 Na5 15. Qb4 Rb8 16. Bd2 Nc6 17. Qb2 Qd7 18. Ng5 Ne4 19. Bxe4 dxe4 20. Nxe6 Rxe6 21. Rfc1 Rg6 22. Kh2 Qf5 23. Be1 Qg5 24. g3 Rh6 25. Qe2 Qf5 26. h4 g5 27. Rc5 Qf6 28. Rxg5+ Qxg5 0-1